000 00671nam a2200217 i 4500
001 118973
003 ES-MaACL
005 20230906191220.0
007 t|
008 070214s1943 sp f |||| | spa d
100 1 _aPérez-Dolz, Francisco.
_990836
245 1 0 _aHistoria y técnica de la cerámica /
_cpor Francisco Pérez-Dolz.
260 _aBarcelona :
_bMeseguer Editor,
_c1943.
300 _a187 p. 1 lám. col., X lám. n. ;
_c18 cm.
490 1 _aManuales Meseguer
650 4 _aCerámica-
_xHistoria.
_9135759
650 4 _aCerámica-
_xTécnica.
_9165643
830 0 _aManuales Meseguer
_9186432
852 _aES-MaACL
_jB-10496
999 _c118973
_d118973